Holiday Quiz

Random Holiday or Typing Quiz

Typing Challenge: 100 Valentine's Day Words Quiz Stats

 Plays Quiz Updated Feb 14, 2019

Score 0/100 Timer 03:00
0 Plays Today
What to type ↓ Type here! ↓ % Correct
dayday
99.2%
redred
98.1%
hughug
97.6%
lovelove
96.9%
datedate
96.5%
ErosEros
95.9%
ringring
95.4%
folkfolk
94.7%
songsong
94.3%
lacelace
93.7%
goldgold
93.2%
wifewife
92.7%
kisskiss
92.4%
winewine
92%
feastfeast
91.3%
cardscards
90.8%
giftsgifts
90.1%
candycandy
89.6%
heartheart
89.1%
dovesdoves
88.7%
CupidCupid
88.1%
birdsbirds
87.6%
musicmusic
87.2%
rosesroses
86.9%
verseverse
86.5%
paperpaper
86.1%
satinsatin
85.8%
moviemovie
85.4%
annualannual
84.9%
churchchurch
84.4%
legendlegend
83.9%
sweetssweets
83.5%
priestpriest
82.8%
purplepurple
82.3%
What to type ↓ Type here! ↓ % Correct
bishopbishop
81.7%
customcustom
81%
springspring
80.6%
adventadvent
80%
poetrypoetry
79.3%
healthhealth
78.7%
ribbonribbon
78%
silversilver
77.4%
e-cardse-cards
76.6%
couplecouple
75.9%
dinnerdinner
75.4%
cinemacinema
74.6%
holidayholiday
73.7%
liturgyliturgy
72.4%
weddingwedding
71.8%
romanceromance
71%
flowersflowers
70.3%
soldiersoldier
69.1%
ZdravkoZdravko
67.1%
ChaucerChaucer
65.9%
dancingdancing
65.2%
diamonddiamond
64.2%
jewelryjewelry
62.4%
husbandhusband
61.5%
partnerpartner
60.7%
candlescandles
60%
cookiescookies
59.3%
FebruaryFebruary
57.6%
LutheranLutheran
56.5%
AnglicanAnglican
55.3%
greetinggreeting
54.6%
AsteriusAsterius
53.5%
farewellfarewell
52.7%
courtingcourting
51.9%
What to type ↓ Type here! ↓ % Correct
amethystamethyst
50.9%
childrenchildren
50.2%
HallmarkHallmark
49.5%
OrthodoxOrthodox
48.4%
martyrdommartyrdom
46.6%
ChristianChristian
45.8%
affectionaffection
45%
presbyterpresbyter
43.6%
chocolatechocolate
42.8%
symbolismsymbolism
41.7%
traditiontradition
40.8%
beekeeperbeekeeper
40%
festivityfestivity
39.1%
boyfriendboyfriend
38.2%
fourteenthfourteenth
36.9%
ValentinusValentinus
35.4%
commercialcommercial
34.3%
historicalhistorical
33.2%
attractionattraction
32.2%
LupercaliaLupercalia
31.1%
engagementengagement
30%
girlfriendgirlfriend
28.9%
activitiesactivities
27.7%
restaurantrestaurant
26.3%
celebrationcelebration
25.2%
HieromartyrHieromartyr
23.3%
São ValentimSão Valentim
21.5%
Ancient RomeAncient Rome
20.4%
anniversaryanniversary
19.4%
San ValentinoSan Valentino
18%
confectioneryconfectionery
16.5%
Saint ValentineSaint Valentine
15.7%

You're not logged in!

Compare scores with friends on all Sporcle quizzes.
OR
Log In

You Might Also Like...

Show Comments

Extras

Top Quizzes Today


Score Distribution

Your Account Isn't Verified!

In order to create a playlist on Sporcle, you need to verify the email address you used during registration. Go to your Sporcle Settings to finish the process.

Report this User

Report this user for behavior that violates our Community Guidelines.

Details: